000 00305nam a22001457a 4500
008 221114b ||||| |||| 00| 0 eng d
020 _a0471038261
041 _aeng
080 _a7
082 _a7 BEL
100 _a21.1
101 _aART
245 _aART AS YOU SEE IT
_cBELL IONE
942 _2udc
_cBK
999 _c58883
_d58883